书目信息 |
| 题名: |
羌族
|
|
| 作者: | 雍继荣 , 罗吉华 , 周发成 著 | |
| 分册: | ||
| 出版信息: | 沈阳 辽宁民族出版社 2014 |
|
| 页数: | 206页 | |
| 开本: | 24cm | |
| 丛书名: | 走近中国少数民族丛书 | |
| 单 册: | ||
| 中图分类: | K287.4 , K28 | |
| 科图分类: | ||
| 主题词: | 羌族--Qiang Zu--民族历史--中国 , 羌族--Qiang Zu--民族文化--中国 | |
| 电子资源: | ||
| ISBN: | 978-7-5497-0927-4 | |
| 000 | 01112nam 2200313 450 | |
| 001 | 2335794088 | |
| 005 | 20231109120044.57 | |
| 010 | @a978-7-5497-0927-4@dCNY38.00 | |
| 100 | @a20160530d2014 em y0chib50 ea | |
| 101 | 0 | @achi |
| 102 | @aCN@b210000 | |
| 105 | @aa a 000yd | |
| 200 | 1 | @a羌族@Aqiang zu@f雍继荣,罗吉华,周发成著 |
| 210 | @a沈阳@c辽宁民族出版社@d2014 | |
| 215 | @a206页@c彩图@d24cm | |
| 225 | 2 | @a走近中国少数民族丛书@AZou Jin Zhong Guo Shao Shu Min Zu Cong Shu |
| 300 | @a国家出版基金项目 | |
| 320 | @a有书目 (第201-202页) | |
| 330 | @a本书共分十章,内容包括:羌源脉远、汇融各族、岷涪江流、生计方式、民俗风情、宗教信仰、文化艺术、凤凰涅槃、羌乡名胜、羌族代表人物。 | |
| 410 | 0 | @12001 @a走近中国少数民族丛书@AZou Jin Zhong Guo Shao Shu Min Zu Cong Shu |
| 606 | 0 | @a羌族@AQiang Zu@x民族历史@y中国 |
| 606 | 0 | @a羌族@AQiang Zu@x民族文化@y中国 |
| 690 | @aK287.4@v5 | |
| 690 | @aK28@v4 | |
| 701 | 0 | @a雍继荣@Ayong ji rong@4著 |
| 701 | 0 | @a罗吉华@Aluo ji hua,@f1981-@4著 |
| 701 | 0 | @a周发成@Azhou fa cheng@4著 |
| 801 | 0 | @aCN@b山东中教@c20230926 |
| 905 | @aBZT@dK28@e18 | |
| 羌族/雍继荣,罗吉华,周发成著.-沈阳:辽宁民族出版社,2014 |
| 206页:彩图;24cm.-(走近中国少数民族丛书) |
| 国家出版基金项目 |
| ISBN 978-7-5497-0927-4:CNY38.00 |
| 本书共分十章,内容包括:羌源脉远、汇融各族、岷涪江流、生计方式、民俗风情、宗教信仰、文化艺术、凤凰涅槃、羌乡名胜、羌族代表人物。 |
| ● |
| 相关链接 |
|
|
|
正题名:羌族
索取号:K28/18
 
预约/预借
| 序号 | 登录号 | 条形码 | 馆藏地/架位号 | 状态 | 备注 |
| 1 | 2000961341 | 2000961341 | 第四书库/四33架B面1层3列/ [索取号:K28/18] | 在馆 | |
| 2 | 2000961342 | 2000961342 | 第四书库/四33架B面1层3列/ [索取号:K28/18] | 在馆 | |
| 3 | 2000961343 | 2000961343 | 第四书库/四33架B面1层3列/ [索取号:K28/18] | 在馆 | |
| 4 | 2000961344 | 2000961344 | 第四书库/四33架B面1层3列/ [索取号:K28/18] | 在馆 | |
| 5 | 2000961345 | 2000961345 | 第四书库/四33架B面1层3列/ [索取号:K28/18] | 在馆 | |
| 6 | 2000961346 | 2000961346 | 第四书库/四33架B面1层3列/ [索取号:K28/18] | 在馆 |